书目信息 |
| 题名: |
精油芳疗百科图典
|
|
| 作者: | 宋俪文 , 王黎 编著 | |
| 分册: | ||
| 出版信息: | 北京 中国纺织出版社 2010 |
|
| 页数: | 191页 | |
| 开本: | 24cm | |
| 丛书名: | ||
| 单 册: | ||
| 中图分类: | R161 , TQ654 | |
| 科图分类: | ||
| 主题词: | 香精油--保健--基本知识 , 香精油 , 保健 | |
| 电子资源: | ||
| ISBN: | 978-7-5064-6695-0 | |
| 000 | 00848nam0 2200277 450 | |
| 001 | 2372055320 | |
| 005 | 20231224200138.54 | |
| 010 | @a978-7-5064-6695-0@dCNY 39.80 | |
| 100 | @a20101022d2010 em y0chiy0120 ea | |
| 101 | 0 | @achi |
| 102 | @aCN@b110000 | |
| 105 | @aa z 000yy | |
| 200 | 1 | @a精油芳疗百科图典@Ajing you fang liao bai ke tu dian@b专著@f宋俪文,王黎编著 |
| 210 | @a北京@c中国纺织出版社@d2010 | |
| 215 | @a191页@c图@d24cm | |
| 300 | @a优品生活 | |
| 330 | @a本书内容包括芳香行动之前的先修问题、精油快速入门、精油教母重磅推荐的世界知名SPA天堂等。 | |
| 606 | 0 | @a香精油@x保健@x基本知识 |
| 606 | 0 | @a香精油 |
| 606 | 0 | @a保健 |
| 690 | @aR161@v5 | |
| 690 | @aTQ654@v5 | |
| 701 | 0 | @a宋俪文@c(女,Sung Angie)@Asong li wen@4编著 |
| 701 | 0 | @a王黎@Awang li@4编著 |
| 801 | 2 | @aCN@b辽宁北配@c20231205 |
| 905 | @aBZT@dR161@e274 | |
| 精油芳疗百科图典/宋俪文,王黎编著.-北京:中国纺织出版社,2010 |
| 191页:图;24cm |
| 优品生活 |
| ISBN 978-7-5064-6695-0:CNY 39.80 |
| 本书内容包括芳香行动之前的先修问题、精油快速入门、精油教母重磅推荐的世界知名SPA天堂等。 |
| ● |
| 相关链接 |
|
|
|
正题名:精油芳疗百科图典
索取号:R161/274
 
预约/预借
| 序号 | 登录号 | 条形码 | 馆藏地/架位号 | 状态 | 备注 |
| 1 | 2001696937 | 2001696937 | 辽三/辽宁北配(第三批)/3868/ [索取号:R161/274] | 在馆 | |
| 2 | 2001696938 | 2001696938 | 辽三/辽宁北配(第三批)/3868/ [索取号:R161/274] | 在馆 | |
| 3 | 2001696939 | 2001696939 | 辽三/辽宁北配(第三批)/3868/ [索取号:R161/274] | 在馆 | |
| 4 | 2001696940 | 2001696940 | 辽三/辽宁北配(第三批)/3868/ [索取号:R161/274] | 在馆 | |
| 5 | 2001696941 | 2001696941 | 辽三/辽宁北配(第三批)/3868/ [索取号:R161/274] | 在馆 | |
| 6 | 2001696942 | 2001696942 | 辽三/辽宁北配(第三批)/3868/ [索取号:R161/274] | 在馆 | |
| 7 | 2001696943 | 2001696943 | 辽三/辽宁北配(第三批)/3868/ [索取号:R161/274] | 在馆 | |
| 8 | 2001696944 | 2001696944 | 辽三/辽宁北配(第三批)/3868/ [索取号:R161/274] | 在馆 | |
| 9 | 2001696945 | 2001696945 | 辽三/辽宁北配(第三批)/3868/ [索取号:R161/274] | 在馆 | |
| 10 | 2001696946 | 2001696946 | 辽三/辽宁北配(第三批)/3868/ [索取号:R161/274] | 在馆 | |
| 11 | 2001696947 | 2001696947 | 辽三/辽宁北配(第三批)/3868/ [索取号:R161/274] | 在馆 | |
| 12 | 2001696948 | 2001696948 | 辽三/辽宁北配(第三批)/3868/ [索取号:R161/274] | 在馆 | |
| 13 | 2001696949 | 2001696949 | 辽三/辽宁北配(第三批)/3868/ [索取号:R161/274] | 在馆 | |
| 14 | 2001696950 | 2001696950 | 辽三/辽宁北配(第三批)/3868/ [索取号:R161/274] | 在馆 | |
| 15 | 2001696951 | 2001696951 | 辽三/辽宁北配(第三批)/3868/ [索取号:R161/274] | 在馆 | |
| 16 | 2001696952 | 2001696952 | 辽三/辽宁北配(第三批)/3868/ [索取号:R161/274] | 在馆 | |
| 17 | 2001696953 | 2001696953 | 辽三/辽宁北配(第三批)/3868/ [索取号:R161/274] | 在馆 | |
| 18 | 2001696954 | 2001696954 | 辽三/辽宁北配(第三批)/3868/ [索取号:R161/274] | 在馆 | |
| 19 | 2001696955 | 2001696955 | 辽三/辽宁北配(第三批)/3868/ [索取号:R161/274] | 在馆 |